<?xml version="1.0" encoding="UTF-8"?>
<record
    xmlns:xsi="http://www.w3.org/2001/XMLSchema-instance"
    xsi:schemaLocation="http://www.loc.gov/MARC21/slim http://www.loc.gov/standards/marcxml/schema/MARC21slim.xsd"
    xmlns="http://www.loc.gov/MARC21/slim">

  <leader>01390nam a2200205 a 4500</leader>
  <controlfield tag="008">190916s2015    ag ||||g |||| 000 1 spa d</controlfield>
  <datafield tag="020" ind1=" " ind2=" ">
    <subfield code="a">9789504936671</subfield>
  </datafield>
  <datafield tag="041" ind1=" " ind2=" ">
    <subfield code="a">spa</subfield>
  </datafield>
  <datafield tag="092" ind1=" " ind2=" ">
    <subfield code="c">808</subfield>
    <subfield code="l">26</subfield>
    <subfield code="s">FON</subfield>
  </datafield>
  <datafield tag="100" ind1="1" ind2=" ">
    <subfield code="a">Fontanarrosa, Roberto. </subfield>
    <subfield code="9">4089</subfield>
  </datafield>
  <datafield tag="245" ind1="3" ind2=" ">
    <subfield code="a">El ar&#xE9;a 18.</subfield>
    <subfield code="b">Novela /</subfield>
    <subfield code="c">Roberto Fontanarrosa.</subfield>
  </datafield>
  <datafield tag="250" ind1=" " ind2=" ">
    <subfield code="a">2a ed.</subfield>
  </datafield>
  <datafield tag="260" ind1=" " ind2=" ">
    <subfield code="a">Buenos Aires:</subfield>
    <subfield code="b">Planeta;</subfield>
    <subfield code="c">2015.</subfield>
  </datafield>
  <datafield tag="300" ind1=" " ind2=" ">
    <subfield code="a">304 p.</subfield>
    <subfield code="b">21x13cm.</subfield>
  </datafield>
  <datafield tag="500" ind1=" " ind2=" ">
    <subfield code="a">Fontanarrosa, R. (2015). El &#xE1;rea 18. Novela. (2a ed.). Buenos Aires : Planeta. </subfield>
  </datafield>
  <datafield tag="505" ind1=" " ind2=" ">
    <subfield code="a">"Era un hombre hecho, e incluso deshecho, en la fragua de la expresi&#xF3;n corporal, un hombre que controlaba y conoc&#xED;a todos los recovecos de su organismo como a las almas de sus manos y a las palmas de sus manos como al mapa orogr&#xE1;fico de Siria, su tierra natal". Secuela de Best Seller, El &#xE1;rea 18 narra otra misi&#xF3;n del aventurero internacional sirio. Congodia, un peque&#xF1;o pa&#xED;s africano, ha logrado su independencia y el desarrollo de su econom&#xED;a a trav&#xE9;s de su equipo nacional de f&#xFA;tbol. Al encontrarse en una situaci&#xF3;n geogr&#xE1;fica estrat&#xE9;gica, las apuestas se tornan cada vez m&#xE1;s fuertes. Entonces, una corporaci&#xF3;n internacional decide armar un conjunto capaz de obtener una victoria. Best Seller, su capit&#xE1;n, es el &#xFA;nico hombre que puede conducirlos al &#xE9;xito.</subfield>
  </datafield>
  <datafield tag="590" ind1=" " ind2=" ">
    <subfield code="a">Donaci&#xF3;n, septiembre 2019.</subfield>
  </datafield>
  <datafield tag="655" ind1=" " ind2=" ">
    <subfield code="a">Literatura</subfield>
    <subfield code="9">2917</subfield>
  </datafield>
  <datafield tag="942" ind1=" " ind2=" ">
    <subfield code="2">ddc</subfield>
    <subfield code="c">LIT</subfield>
  </datafield>
  <datafield tag="999" ind1=" " ind2=" ">
    <subfield code="c">3037</subfield>
    <subfield code="d">3037</subfield>
  </datafield>
  <datafield tag="952" ind1=" " ind2=" ">
    <subfield code="0">0</subfield>
    <subfield code="1">0</subfield>
    <subfield code="2">ddc</subfield>
    <subfield code="4">0</subfield>
    <subfield code="7">0</subfield>
    <subfield code="a">BFM</subfield>
    <subfield code="b">BFM</subfield>
    <subfield code="c">CR</subfield>
    <subfield code="d">2019-09-16</subfield>
    <subfield code="e">Donaci&#xF3;n septiembre, 2019.</subfield>
    <subfield code="l">0</subfield>
    <subfield code="o">808 26 FON</subfield>
    <subfield code="p">4571</subfield>
    <subfield code="r">2019-09-16</subfield>
    <subfield code="t">Ej.1</subfield>
    <subfield code="w">2019-09-16</subfield>
    <subfield code="y">LIT</subfield>
    <subfield code="z">Proyecto 4to libro Donaci&#xF3;n . Septiembre 2019.</subfield>
  </datafield>
</record>
